<?xml version="1.0" encoding="UTF-8"?><?xml-stylesheet type="text/xsl" href="static/style.xsl"?><OAI-PMH xmlns="http://www.openarchives.org/OAI/2.0/" xmlns:xsi="http://www.w3.org/2001/XMLSchema-instance" xsi:schemaLocation="http://www.openarchives.org/OAI/2.0/ http://www.openarchives.org/OAI/2.0/OAI-PMH.xsd"><responseDate>2026-04-17T09:35:42Z</responseDate><request verb="GetRecord" identifier="oai:riubu.ubu.es:10259/7345" metadataPrefix="marc">https://riubu.ubu.es/oai/request</request><GetRecord><record><header><identifier>oai:riubu.ubu.es:10259/7345</identifier><datestamp>2023-03-21T13:16:59Z</datestamp><setSpec>com_10259_5841</setSpec><setSpec>com_10259_5086</setSpec><setSpec>com_10259_2604</setSpec><setSpec>com_10259_4219</setSpec><setSpec>col_10259_5842</setSpec><setSpec>col_10259_4220</setSpec></header><metadata><record xmlns="http://www.loc.gov/MARC21/slim" xmlns:doc="http://www.lyncode.com/xoai" xmlns:xsi="http://www.w3.org/2001/XMLSchema-instance" xmlns:dcterms="http://purl.org/dc/terms/" xsi:schemaLocation="http://www.loc.gov/MARC21/slim http://www.loc.gov/standards/marcxml/schema/MARC21slim.xsd">
<leader>00925njm 22002777a 4500</leader>
<datafield tag="042" ind1=" " ind2=" ">
<subfield code="a">dc</subfield>
</datafield>
<datafield tag="720" ind1=" " ind2=" ">
<subfield code="a">Sáiz Manzanares, María Consuelo</subfield>
<subfield code="e">author</subfield>
</datafield>
<datafield tag="720" ind1=" " ind2=" ">
<subfield code="a">Marticorena Sánchez, Raúl</subfield>
<subfield code="e">author</subfield>
</datafield>
<datafield tag="720" ind1=" " ind2=" ">
<subfield code="a">Ochoa Orihuel, Javier</subfield>
<subfield code="e">author</subfield>
</datafield>
<datafield tag="260" ind1=" " ind2=" ">
<subfield code="c">2021-10</subfield>
</datafield>
<datafield tag="520" ind1=" " ind2=" ">
<subfield code="a">The use of advanced learning technologies (ALT) techniques in learning management&#xd;
systems (LMS) allows teachers to enhance self-regulated learning and to carry out the personalized&#xd;
monitoring of their students throughout the teaching–learning process. However, the application of&#xd;
educational data mining (EDM) techniques, such as supervised and unsupervised machine learning,&#xd;
is required to interpret the results of the tracking logs in LMS. The objectives of this work were (1) to&#xd;
determine which of the ALT resources would be the best predictor and the best classifier of learning&#xd;
outcomes, behaviours in LMS, and student satisfaction with teaching; (2) to determine whether&#xd;
the groupings found in the clusters coincide with the students’ group of origin. We worked with&#xd;
a sample of third-year students completing Health Sciences degrees. The results indicate that the&#xd;
combination of ALT resources used predict 31% of learning outcomes, behaviours in the LMS, and&#xd;
student satisfaction. In addition, student access to automatic feedback was the best classifier. Finally,&#xd;
the degree of relationship between the source group and the found cluster was medium (C = 0.61). It&#xd;
is necessary to include ALT resources and the greater automation of EDM techniques in the LMS to&#xd;
facilitate their use by teachers.</subfield>
</datafield>
<datafield tag="024" ind2=" " ind1="8">
<subfield code="a">http://hdl.handle.net/10259/7345</subfield>
</datafield>
<datafield tag="024" ind2=" " ind1="8">
<subfield code="a">10.3390/electronics10212620</subfield>
</datafield>
<datafield tag="024" ind2=" " ind1="8">
<subfield code="a">2079-9292</subfield>
</datafield>
<datafield ind1=" " ind2=" " tag="653">
<subfield code="a">Advanced learning technologies</subfield>
</datafield>
<datafield ind1=" " ind2=" " tag="653">
<subfield code="a">LMS</subfield>
</datafield>
<datafield ind1=" " ind2=" " tag="653">
<subfield code="a">Machine learning</subfield>
</datafield>
<datafield ind1=" " ind2=" " tag="653">
<subfield code="a">Self-regulated learning</subfield>
</datafield>
<datafield tag="245" ind1="0" ind2="0">
<subfield code="a">Using Advanced Learning Technologies with University Students: An Analysis with Machine Learning Techniques</subfield>
</datafield>
</record></metadata></record></GetRecord></OAI-PMH>